000 00387nam a2200157Ia 4500
003 LK-CoDNM
008 010623t1942 xxu||||| |||| 00| 1 eng d
040 _aLK-CoDNM
_dLK-CoDNM
_eLK-CoDNM
041 _aeng
100 _aEliot,T.S.
245 _aThe Classics Man of Letters
260 _bOxford University Press
_c1942
300 _b27P., 15 cm
650 _aPresident
942 _cBK
999 _c100090
_d100090